000
00206nam a22000857a 4500
008
170127b xxu||||| |||| 00| 0 eng d
100
_9
2596
_a
Sharna.S.
245
_a
Chemistry-XI
260
_a
India
_b
Mcmillan
_c
2011
999
_c
5733
_d
5733